La astronomía: de Copérnico a los albores de la astrofísica
Guardado en:
| Autor principal: | |
|---|---|
| Formato: | Libro |
| Lenguaje: | español |
| Publicado: |
Santiago
Universitaria
1978
|
| Colección: | Fascículos para la Comprensión de la Ciencia, las Humanidades y la Tecnología, 1
|
| Materias: | |
| Etiquetas: |
Agregar Etiqueta
Sin Etiquetas, Sea el primero en etiquetar este registro!
|
MARC
| LEADER | 00000nam a2200000 a 4500 | ||
|---|---|---|---|
| 001 | UCU3239 | ||
| 003 | CL-VaPUC | ||
| 005 | 20241127084742.0 | ||
| 008 | 960502e19780000CL |||||||||||||||||spa|d | ||
| 999 | |c 247320 |d 247318 | ||
| 040 | |c Pontificia Universidad Católica de Valparaíso | ||
| 082 | 0 | 4 | |a 520.1 |b MOR |2 21 |
| 100 | |a Moreno L., J. E. Hugo |e autor |9 360069 | ||
| 245 | 1 | 3 | |a La astronomía: de Copérnico a los albores de la astrofísica |
| 260 | |a Santiago |b Universitaria |c 1978 | ||
| 300 | |a 66 p | ||
| 490 | 0 | |a Fascículos para la Comprensión de la Ciencia, las Humanidades y la Tecnología, 1 | |
| 583 | |a last modification |c 19960502 00:00:00 |k Rodrigo Vera | ||
| 600 | 0 | 7 | |a HIPARCO |2 CL-VaPUC |9 360070 |
| 600 | 0 | |a Copérnico, Nicolás |9 269241 | |
| 600 | 0 | 7 | |a BRAHE, TYCHO |2 CL-VaPUC |9 360071 |
| 600 | 0 | |a Kepler, Johannes |d 1571-1630 |9 358157 | |
| 600 | 0 | |a Galilei, Galileo |9 264973 | |
| 600 | 0 | 7 | |a HORROCKS, JEREMIAH |2 CL-VaPUC |9 360072 |
| 600 | 0 | 7 | |a HUYGENS, CHRISTIAN |2 CL-VaPUC |9 358158 |
| 600 | 0 | 7 | |a ROEMER, OLAUS |2 CL-VaPUC |9 360073 |
| 600 | 0 | 7 | |a CASSINI, GIOVANNI DOMENICO |2 CL-VaPUC |9 360074 |
| 600 | 0 | 7 | |a HALLEY, EDMUND |2 CL-VaPUC |9 360075 |
| 600 | 0 | 7 | |a BRADLEY, JAMES |2 CL-VaPUC |9 360076 |
| 600 | 0 | |a Lagrange, Joseph-Louis |d 1736-1813 |9 360077 | |
| 600 | 0 | 7 | |a HERSCHEL, FREDERICK WILLIAM |2 CL-VaPUC |9 360078 |
| 600 | 0 | 7 | |a GOODRICKE, JOHN |2 CL-VaPUC |9 360079 |
| 600 | 0 | 7 | |a Laplace, Pierre-Simón de |d 1749-1827 |9 859867 |
| 600 | 0 | 7 | |a BODE, JOHANN ELERT |2 CL-VaPUC |9 360081 |
| 600 | 0 | 7 | |a ARGELANDER, FRIEDRICH W. A |2 CL-VaPUC |9 360082 |
| 600 | 0 | 7 | |a LEVERRIER, URBAIN J. J |2 CL-VaPUC |9 360083 |
| 600 | 0 | 7 | |a PARSONS, WILLIAM |2 CL-VaPUC |9 360084 |
| 600 | 0 | 7 | |a HUGGINS, WILLIAM |2 CL-VaPUC |9 360085 |
| 600 | 0 | 7 | |a SECCHI, ANGELO |2 CL-VaPUC |9 360086 |
| 600 | 0 | |a Kant, Immanuel, |d 1724-1804 |9 858687 | |
| 650 | 0 | |a Astronomía |9 260985 | |
| 650 | 0 | |a Historia |9 255047 | |
| 650 | 0 | |a Astrofísica |9 269137 | |
| 650 | 7 | |a FISICA ESTELAR |2 CL-VaPUC |9 360087 | |
| 650 | 0 | |a Filosofía |9 223554 | |
| 852 | |a BIBCUR | ||
| 942 | |c BK |2 ddc | ||
| 945 | |d 19960502 00:00:00 |a lriquelm | ||
| 952 | |0 0 |1 0 |4 0 |6 520_100000000000000_MOR_1978 |7 0 |8 A |9 263162 |a BIBING |b BIBING |d 2019-11-19 |i 165246K |o 520.1 MOR 1978 |p 165246K |r 2025-01-20 |w 2019-11-19 |y BK |k GEO | ||
| 952 | |0 0 |1 0 |4 0 |6 520_100000000000000_MOR_1978 |7 0 |8 A |9 263164 |a BIBCUR |b BIBCUR |d 2019-11-19 |i 1760726 |l 1 |o 520.1 MOR 1978 |p 1760726 |r 2025-04-22 |s 2025-03-26 |w 2019-11-19 |y BK |k BCB | ||